| 000 | 00934nam a22003257a 4500 | ||
|---|---|---|---|
| 001 | 000045858 | ||
| 003 | CHAP | ||
| 005 | 20220329135949.0 | ||
| 008 | 971013s1936 r 00010 d | ||
| 010 | _a44799 | ||
| 011 | _a45771 | ||
| 035 | _a49910 | ||
| 040 | _cCHAP | ||
| 090 | _aFolleto 855 | ||
| 100 | 0 | 0 |
_aUphof, J. C. Th. _9116801 |
| 245 | 1 | 0 | _aCultivo y cura de la pimienta. |
| 260 |
_aWashington : _bUnión Panamerican, _c1936. |
||
| 300 |
_a20 p. : _b: ilus. |
||
| 490 |
_aSerie de Agricultura _v; 111 |
||
| 590 |
_aBATCH-UPD _b10 _c20130110 _lUCH01 _h0059 |
||
| 590 |
_aBATCH-UPD _b10 _c20130110 _lUCH01 _h2232 |
||
| 590 |
_aCONVERSION _b10 _c20130109 _lUCH01 _h1325 |
||
| 590 |
_aE11695DGD _b10 _c20141121 _lUCH01 _h1136 |
||
| 650 | 1 | 4 |
_aPimienta. _988105 |
| 830 | 0 |
_aSerie de Agricultura _v; 111 _9104679 |
|
| 901 | _aBK | ||
| 942 | _cFOLL | ||
| 942 | _n0 | ||
| 949 |
_aFolleto 855 _bBC _cFOLL _d-112417 _eTS1 _i49910 _mD _si |
||
| 999 |
_c44799 _d44799 |
||